| 000 | 01665cam a22001934a 4500 | ||
|---|---|---|---|
| 005 | 20250605163945.0 | ||
| 008 | 250528s ||||||||||||||||||||||||d | ||
| 035 | _a15181 | ||
| 040 |
_aGR-AtMCL _bgre _dGR-AtMCL _eAACR2 |
||
| 245 | 1 |
_aΟργάνωση και Διοίκηση / Εισαγωγή στο Management. _nΤόμος Πρώτος |
|
| 260 |
_bΒιβλιοεκδοτικη Α.Ε, _c1993 |
||
| 300 | _a128 | ||
| 505 | 0 | _aΠρόλογος, Βασικές Έννοιες της Οργανοδιοικητικής, Επιχειρηματική Δραστηριότητα, Τύποι και Συστήματα στον Επιχειρηματικό Χώρο, Η Οργάνωση των Επιχειρήσεων, Θεωρητικό Υπόβαθρο Αρχών Διοίκησης Επιχειρήσεων, Επιλογή και Πρόσληψη του Προσωπικού, Η Μεταβολή των Υποθέσεων, Ελληνική και Ξένη Βιβλιογραφία. | |
| 520 | _aΠρόλογος, Βασικές Έννοιες της Οργανοδιοικητικής, Επιχειρηματική Δραστηριότητα, Τύποι και Συστήματα στον Επιχειρηματικό Χώρο, Η Οργάνωση των Επιχειρήσεων, Θεωρητικό Υπόβαθρο Αρχών Διοίκησης Επιχειρήσεων, Επιλογή και Πρόσληψη του Προσωπικού, Η Μεταβολή των Υποθέσεων, Ελληνική και Ξένη Βιβλιογραφία. | ||
| 700 | 1 |
_aΚαραγιάννης Στέφανος _91033 |
|
| 942 | _cBK | ||
| 999 |
_c775 _d775 |
||